Pays traversés par la ligne de changement de date - Statistiques

Statistiques générales
  • Ce quiz a été pris 105 fois
  • Le résultat moyen est 6 sur 8
Statistiques - réponses
Pays ou dépendance % Correct
1 États-Unis
82%
2 France (Polynésie Française)
76%
5 Russie
76%
6 Samoa
68%
7 Tonga
67%
4 Nouvelle-Zélande (îles Cook et Niue)
66%
8 Tuvalu
66%
3 Kiribati
65%
Aucun quiz correspondant
Distribution des résultats
% des personnes avec chaque résultat
Percentile par nombre de réponses
Votre historique - résultats
Vous n’avez pas pris ce quiz